MARC

LEADER 00000nab a2200000 a 4500
001 vtls000149987
003 SK-MaSNL
005 20260304072254.0
008 250423c1983 xo 0 slo
015 |a SNBRB19rr/mm-uuuuu 
035 |a CL0160094 
035 |a urn:nbn:sk:snk-abek9e 
035 |a (urnnbn)urn:nbn:sk:snk:ar-0005h8 
035 |a (uuid)1637efea-d02b-404c-acd8-524fff788c29 
040 |a SNKBUCL  |b slo  |c SNKBUCL  |e AACR2 
041 0 |a slo 
044 |a xo  |c SK 
080 |a 885.4-3  |2 1981 
100 1 |a Andruška, Peter,  |d 1943-2024  |4 aut  |9 92598 
245 1 0 |a Člen komisie  |c Peter Andruška 
655 7 |a slovenské prózy  |2 snkbucl  |9 70229 
655 7 |a články z novín a časopisov  |2 snkbucl  |9 267496 
655 7 |a články z odboru literárna veda a krásna literatúra  |2 snkbucl  |9 770045 
655 7 |a psychologické poviedky  |2 snkbucl  |9 87834 
773 0 |t Slovenské pohľady  |g Roč. 99, č. 4 (1983), s. 89-118 
850 |a Slovenská národná knižnica 
852 |a Slovenská národná knižnica 
954 |a beletria pôvodná (slovenská)  |2 lita 
958 |a article27 
958 |a RK 
958 |a LX 
958 |a OND 
958 |a EUIPO 
992 |a RBX 
999 |c 2765645  |d 2767575